[Event "BUL-ch U26"]
[Site "Sofia"]
[Date "2011.11.06"]
[Round "6"]
[White "Yanev, Tihomir"]
[Black "Bojchev, Marian"]
[Result "0-1"]
[WhiteElo "2366"]
[BlackElo "2389"]
[PlyCount "96"]
[EventDate "2011.11.02"]
[EventType "swiss"]
[EventRounds "7"]
[EventCountry "BUL"]
[SourceTitle "EXT 2012"]
[Source "ChessBase"]
[SourceDate "2011.11.24"]
[SourceVersion "1"]
[SourceVersionDate "2011.11.24"]
[SourceQuality "1"]

1. d4 Nf6 2. c4 e6 3. Nc3 Bb4 4. e3 Bxc3+ 5. bxc3 b6 6. Bd3 Bb7 7. f3 c5 8. Ne2 d6 9. 0-0 Nc6 10. e4 Qc7 11. Qe1 0-0-0 12. Be3 Kb8 13. Nc1 Nd7 14. Nb3 f6 15. a4 a5 16. Rb1 Ne7 17. Rf2 Ka7 18. Rfb2 Rb8 19. Qg3 g5 20. dxc5 Nxc5 21. Nd4 Ba6 22. Nb5+ Bxb5 23. Rxb5 Ng6 24. Bf1 Ne5 25. Qf2 h5 26. Rd1 g4 27. Rxd6 Qxd6 28. Rxc5 Ka8 29. Rb5 gxf3 30. Bxb6 Ng4 31. e5 Nxf2 32. exd6 Ne4 33. c5 f2+ 34. Kh1 Nd2 35. Rxa5+ Kb7 36. Ra7+ Kc6 37. Bb5+ Kd5 38. g3 f1Q+ 39. Bxf1 Nxf1 40. a5 Nd2 41. d7 Nc4 42. Rc7 Rhd8 43. a6 Rxb6 44. cxb6 Nxb6 45. a7 Kd6 46. Rc8 Kxd7 47. Rc5 Rh8 48. Kg2 Kd6 0-1

[Event "BUL-ch U26"]
[Site "Sofia"]
[Date "2011.11.02"]
[Round "1"]
[White "Vladimirova, Maria"]
[Black "Bojchev, Marian"]
[Result "0-1"]
[WhiteElo "1997"]
[BlackElo "2389"]
[PlyCount "46"]
[EventDate "2011.11.02"]
[EventType "swiss"]
[EventRounds "7"]
[EventCountry "BUL"]
[SourceTitle "EXT 2012"]
[Source "ChessBase"]
[SourceDate "2011.11.24"]
[SourceVersion "1"]
[SourceVersionDate "2011.11.24"]
[SourceQuality "1"]

1. e4 d5 2. exd5 Qxd5 3. Nc3 Qd6 4. Bc4 Nf6 5. d3 a6 6. a4 e5 7. h3 Nc6 8. Nf3 Be6 9. Bxe6 Qxe6 10. 0-0 0-0-0 11. Re1 Bd6 12. Bd2 h6 13. Na2 g5 14. b4 g4 15. b5 gxf3 16. bxc6 e4 17. cxb7+ Kb8 18. dxe4 Nxe4 19. Qxf3 Nxd2 20. Qh5 Qc4 21. Qa5 Nf3+ 22. Kh1 Nxe1 23. Rxe1 Qf4 0-1

[Event "BUL-ch U26"]
[Site "Sofia"]
[Date "2010.11.07"]
[Round "7"]
[White "Bojchev, Marian"]
[Black "Vlashki, Nino"]
[Result "1/2-1/2"]
[WhiteElo "2400"]
[BlackElo "2225"]
[PlyCount "51"]
[EventDate "2010.11.03"]
[EventType "swiss"]
[EventRounds "7"]
[EventCountry "BUL"]
[SourceTitle "EXT 2011"]
[Source "ChessBase"]
[SourceDate "2010.11.26"]
[SourceVersion "1"]
[SourceVersionDate "2010.11.26"]
[SourceQuality "1"]

1. d4 Nf6 2. c4 g6 3. Nc3 Bg7 4. e4 0-0 5. Be3 c6 6. f3 d5 7. e5 Nfd7 8. cxd5 Nb6 9. dxc6 Nxc6 10. Qd2 Bf5 11. Rc1 Rc8 12. f4 Nb4 13. Nf3 N4d5 14. Kf2 Nxc3 15. Rxc3 Qd5 16. Be2 Qxa2 17. Ra3 Qd5 18. Ra5 Rc2 19. Rxd5 Rxd2 20. Rb5 Rc2 21. Nd2 Bd7 22. Rb3 Be6 23. Rb5 Bd7 24. Rb3 Be6 25. Rb5 Bd7 26. Rb3 1/2-1/2

[Event "BUL-chT-B 60th"]
[Site "Albena"]
[Date "2010.06.02"]
[Round "9.4"]
[White "Kukov, Velislav"]
[Black "Bojchev, Marian"]
[Result "1/2-1/2"]
[WhiteElo "2387"]
[BlackElo "2389"]
[PlyCount "67"]
[EventDate "2010.05.27"]
[EventType "team-tourn"]
[EventRounds "9"]
[EventCountry "BUL"]
[SourceTitle "CBM 136 Extra"]
[Source "ChessBase"]
[SourceDate "2010.07.02"]
[SourceVersion "2"]
[SourceVersionDate "2010.07.15"]
[SourceQuality "1"]
[WhiteTeam "Pleven Spartak XXI"]
[BlackTeam "Abritus"]
[WhiteTeamCountry "BUL"]
[BlackTeamCountry "BUL"]

1. d4 d5 2. c4 c6 3. cxd5 cxd5 4. Nf3 Nf6 5. Nc3 Nc6 6. Bf4 Bf5 7. e3 e6 8. Bd3 Bxd3 9. Qxd3 Bd6 10. Bxd6 Qxd6 11. 0-0 0-0 12. Rfc1 Rfc8 13. Nb5 Qe7 14. Qa3 Qxa3 15. Nxa3 a6 16. Nd2 Nd7 17. Nb3 Ne7 18. Rxc8+ Rxc8 19. Rc1 Rxc1+ 20. Nxc1 Nc6 21. Nc2 Nb6 22. Nd3 Nc8 23. Ncb4 Nxb4 24. Nxb4 Kf8 25. Kf1 Ke7 26. Ke2 Kd6 27. Kd3 Na7 28. a4 Nc6 29. Nxc6 Kxc6 30. b4 b5 31. a5 Kd6 32. Kc3 Kc6 33. Kd3 Kd6 34. Kc3 1/2-1/2

[Event "BUL-chT-B 60th"]
[Site "Albena"]
[Date "2010.05.28"]
[Round "3.4"]
[White "Bojchev, Marian"]
[Black "Delchev, Petar"]
[Result "1-0"]
[WhiteElo "2389"]
[BlackElo "2260"]
[PlyCount "117"]
[EventDate "2010.05.27"]
[EventType "team-tourn"]
[EventRounds "9"]
[EventCountry "BUL"]
[SourceTitle "CBM 136 Extra"]
[Source "ChessBase"]
[SourceDate "2010.07.02"]
[SourceVersion "2"]
[SourceVersionDate "2010.07.15"]
[SourceQuality "1"]
[WhiteTeam "Abritus"]
[BlackTeam "Dobrich Energiya 21"]
[WhiteTeamCountry "BUL"]
[BlackTeamCountry "BUL"]

1. c4 c6 2. Nf3 d5 3. b3 Bg4 4. e3 Nf6 5. Bb2 e6 6. Be2 Nbd7 7. h3 Bxf3 8. Bxf3 a5 9. 0-0 a4 10. cxd5 exd5 11. bxa4 Nc5 12. Bxf6 Qxf6 13. Nc3 Qd8 14. Rb1 Qa5 15. Qc1 Rb8 16. d4 Ne6 17. e4 dxe4 18. Bxe4 Bb4 19. d5 Bxc3 20. dxe6 0-0 21. exf7+ Rxf7 22. Bxc6 Be5 23. Rb5 Qxa4 24. Rxb7 Qd4 25. Rxf7 Kxf7 26. Rd1 Qf4 27. Bd5+ Kf8 28. Qxf4+ Bxf4 29. g3 Be5 30. Bb3 Ke7 31. f4 Bc7 32. Re1+ Kf8 33. Kg2 Rd8 34. Kf3 Bb6 35. Rd1 Rxd1 36. Bxd1 Ke7 37. Bc2 h6 38. Ke4 Kd6 39. g4 Bf2 40. a4 Be1 41. Kf5 Ke7 42. Bb3 Kf8 43. Ke6 Ke8 44. Kd5 Kd7 45. Kc5 Bd2 46. f5 Be1 47. Kb5 Kc7 48. a5 Bf2 49. a6 Kd6 50. Bd1 Kd5 51. Bf3+ Kd6 52. Kc4 Ke5 53. Kd3 Kf4 54. Be2 h5 55. Kc4 h4 56. Kd5 Kg3 57. g5 Kf4 58. f6 gxf6 59. g6 1-0

[Event "BUL-chT2"]
[Site "Sunny Beach"]
[Date "2009.06.09"]
[Round "2.1"]
[White "Kanazirev, Pavel"]
[Black "Bojchev, Marian"]
[Result "0-1"]
[WhiteElo "2104"]
[BlackElo "2387"]
[PlyCount "60"]
[EventDate "2009.06.08"]
[EventType "team-swiss"]
[EventRounds "7"]
[EventCountry "BUL"]
[SourceTitle "CBM 130 Extra"]
[Source "ChessBase"]
[SourceDate "2009.07.02"]
[SourceVersion "2"]
[SourceVersionDate "2009.07.15"]
[SourceQuality "1"]

1. e4 c5 2. Nf3 e6 3. d4 cxd4 4. Nxd4 Nf6 5. Nc3 d6 6. Bc4 a6 7. Bb3 Nbd7 8. Bg5 h6 9. Bh4 Nc5 10. Qe2 Be7 11. 0-0-0 Qc7 12. Kb1 b5 13. Bxf6 Bxf6 14. f4 0-0 15. f5 Bd7 16. Qg4 Rae8 17. Rhf1 Kh8 18. Rd2 Qb7 19. fxe6 fxe6 20. Nf3 Bxc3 21. bxc3 Nxe4 22. Rd3 a5 23. a3 d5 24. Qh5 Qc7 25. Kb2 Rf5 26. Qh4 Rc8 27. Re1 Rf4 28. Qh5 a4 29. Rxe4 dxe4 30. Rxd7 Qxc3+ 0-1

[Event "EU-ch U18 18th"]
[Site "Herceg Novi"]
[Date "2008.09.21"]
[Round "6"]
[White "Burg, Twan"]
[Black "Bojchev, Marian"]
[Result "1-0"]
[WhiteElo "2359"]
[BlackElo "2406"]
[PlyCount "69"]
[EventDate "2008.09.15"]
[EventType "swiss"]
[EventRounds "9"]
[EventCountry "MNE"]
[SourceTitle "CBM 126 Extra"]
[Source "ChessBase"]
[SourceDate "2008.11.05"]
[SourceVersion "1"]
[SourceVersionDate "2008.11.05"]
[SourceQuality "1"]

1. e4 c5 2. Nf3 e6 3. d4 cxd4 4. Nxd4 Nf6 5. Nc3 d6 6. Be3 Nc6 7. f3 a6 8. Qd2 Qc7 9. 0-0-0 b5 10. Nxc6 Qxc6 11. e5 b4 12. Ne4 Nd5 13. Nxd6+ Bxd6 14. exd6 Qxd6 15. Qf2 Bb7 16. Bc5 Qc7 17. a3 bxa3 18. Bxa3 f6 19. Bd3 Kf7 20. Rhe1 Qxh2 21. c4 Qc7 22. Kb1 Nf4 23. Bc2 Rad8 24. Rxd8 Rxd8 25. Qh4 Qxc4 26. g3 Rd2 27. Bxh7 Bxf3 28. gxf4 Re2 29. Rg1 Be4+ 30. Bxe4 Qxe4+ 31. Ka1 Re3 32. Qh5+ Kg8 33. Qe8+ Kh7 34. Rxg7+ Kxg7 35. Bf8+ 1-0

[Event "Teteven op 23rd"]
[Site "Teteven"]
[Date "2008.08.22"]
[Round "9"]
[White "Bojchev, Marian"]
[Black "Lilov, Valeri"]
[Result "0-1"]
[WhiteElo "2406"]
[BlackElo "2382"]
[PlyCount "50"]
[EventDate "2008.08.16"]
[EventType "swiss"]
[EventRounds "9"]
[EventCountry "BUL"]
[SourceTitle "CBM 126 Extra"]
[Source "ChessBase"]
[SourceDate "2008.11.05"]
[SourceVersion "1"]
[SourceVersionDate "2008.11.05"]
[SourceQuality "1"]

1. c4 e5 2. Nc3 Nc6 3. g3 f5 4. Bg2 Nf6 5. e3 d5 6. Nxd5 Nxd5 7. cxd5 Nb4 8. d3 c6 9. a3 Qa5 10. Ke2 Nxd5 11. Nf3 Bd6 12. Qb3 Qc7 13. e4 Nf6 14. Nh4 g6 15. Bg5 Qg7 16. Rhe1 f4 17. gxf4 Nh5 18. fxe5 Qxe5 19. Qc3 Qxg5 20. Qxh8+ Bf8 21. Qxh7 Qxh4 22. Qxg6+ Ke7 23. Qh7+ Bg7 24. Kd2 Qg5+ 25. Re3 Nf6 0-1

[Event "BUL-chT 57th"]
[Site "Sunny Beach"]
[Date "2007.10.05"]
[Round "7.4"]
[White "Bojchev, Marian"]
[Black "Georgiev, Krum"]
[Result "0-1"]
[WhiteElo "2397"]
[BlackElo "2500"]
[PlyCount "82"]
[EventDate "2007.09.29"]
[EventType "team"]
[EventRounds "7"]
[EventCountry "BUL"]
[SourceTitle "CBM 120 Extra"]
[Source "ChessBase"]
[SourceDate "2007.11.01"]
[SourceVersion "1"]
[SourceVersionDate "2007.11.01"]
[SourceQuality "1"]

1. d4 g6 2. c4 Bg7 3. e4 d6 4. Nc3 Nc6 5. Be3 e5 6. d5 Nce7 7. Qd2 f5 8. f3 Nf6 9. Bd3 0-0 10. Nge2 c5 11. h3 f4 12. Bf2 g5 13. 0-0-0 Ng6 14. Kb1 h5 15. Ka1 g4 16. hxg4 hxg4 17. Rb1 a5 18. Nb5 Kf7 19. Nec3 b6 20. b3 Ke7 21. Kb2 Bd7 22. a3 Rh8 23. Rxh8 Qxh8 24. Nc7 Rg8 25. Ne6 Qh5 26. Qe2 Nf8 27. Nxf8 Bxf8 28. Rg1 Nh7 29. Qf1 Kd8 30. b4 gxf3 31. gxf3 Bh3 32. Qd1 Rxg1 33. Bxg1 Ng5 34. bxc5 bxc5 35. Be2 Bg2 36. Qb3 Bxf3 37. Qb8+ Ke7 38. Bxc5 Kf7 39. Bxf3 Qxf3 40. Bxd6 Bxd6 41. Qxd6 Qxc3+ 0-1

[Event "BUL-chT 57th"]
[Site "Sunny Beach"]
[Date "2007.10.03"]
[Round "5.4"]
[White "Yordanov, Nikolay"]
[Black "Bojchev, Marian"]
[Result "0-1"]
[WhiteElo "2257"]
[BlackElo "2397"]
[PlyCount "118"]
[EventDate "2007.09.29"]
[EventType "team"]
[EventRounds "7"]
[EventCountry "BUL"]
[SourceTitle "CBM 120 Extra"]
[Source "ChessBase"]
[SourceDate "2007.11.01"]
[SourceVersion "1"]
[SourceVersionDate "2007.11.01"]
[SourceQuality "1"]

1. e4 c5 2. Nf3 e6 3. c3 Nf6 4. e5 Nd5 5. d4 cxd4 6. cxd4 d6 7. Bc4 Nb6 8. Bd3 Nc6 9. 0-0 Nb4 10. Bg5 Be7 11. Bxe7 Qxe7 12. Bb5+ Bd7 13. Nc3 d5 14. a3 Nc6 15. Bd3 0-0 16. b4 a6 17. Qc2 h6 18. Qe2 Rfc8 19. Rfc1 Na7 20. h4 Qe8 21. Nd2 Bb5 22. Nxb5 Nxb5 23. Bxb5 axb5 24. Qd3 Nc4 25. f4 Nxa3 26. f5 Rxc1+ 27. Rxc1 Nc4 28. f6 Qf8 29. Nf3 Ra3 30. Qb1 gxf6 31. exf6 Qd8 32. Rf1 Qxf6 33. Qe1 Qf4 34. Kh1 Re3 35. Qd1 Qg3 36. h5 Re4 37. Re1 Qg4 38. Kg1 Qxh5 39. Kf2 Rxe1 40. Qxe1 Qg4 41. Qc1 Kg7 42. Qc3 Qf4 43. g3 Qe4 44. Qc1 e5 45. dxe5 Nxe5 46. Nxe5 Qxe5 47. Qc5 Qf5+ 48. Kg1 Qd3 49. Qd6 Qe3+ 50. Kg2 Qe4+ 51. Kf2 d4 52. Qc5 d3 53. Qc3+ Kg6 54. Qh8 Qe2+ 55. Kg1 Qe3+ 56. Kg2 d2 57. Qg8+ Kf6 58. Qd8+ Kg7 59. Kh3 Qe6+ 0-1

[Event "Kesarovski Georgiev Memorial 6th"]
[Site "Sunny Beach"]
[Date "2007.09.16"]
[Round "7"]
[White "Ivanov, Bogidar"]
[Black "Bojchev, Marian"]
[Result "1/2-1/2"]
[WhiteElo "2188"]
[BlackElo "2397"]
[PlyCount "72"]
[EventDate "2007.09.10"]
[EventType "swiss"]
[EventRounds "9"]
[EventCountry "BUL"]
[SourceTitle "CBM 120 Extra"]
[Source "ChessBase"]
[SourceDate "2007.11.01"]
[SourceVersion "1"]
[SourceVersionDate "2007.11.01"]
[SourceQuality "1"]

1. e4 c5 2. Nf3 e6 3. d4 cxd4 4. Nxd4 Nf6 5. Nc3 d6 6. Be2 Nc6 7. Be3 Be7 8. 0-0 0-0 9. f4 e5 10. Nf5 Bxf5 11. exf5 exf4 12. Rxf4 d5 13. Kh1 Re8 14. Bg1 Bd6 15. Rf1 Be5 16. Rf3 d4 17. Na4 Qa5 18. c3 b5 19. Nc5 dxc3 20. bxc3 b4 21. cxb4 Nxb4 22. Rb1 Nxa2 23. Rb5 Qd8 24. Qxd8 Raxd8 25. Rb7 Bd4 26. Bf1 a5 27. Rd3 Bxg1 28. Rxd8 Rxd8 29. Kxg1 Ng4 30. Ra7 Nb4 31. Rxa5 Nd3 32. Ne4 Nde5 33. Ng3 h6 34. Ra3 Re8 35. Bd3 Nf6 36. h3 Nxd3 1/2-1/2

[Event "Kesarovski Georgiev Memorial 6th"]
[Site "Sunny Beach"]
[Date "2007.09.15"]
[Round "6"]
[White "Dimitrov, Pavel"]
[Black "Bojchev, Marian"]
[Result "1-0"]
[WhiteElo "2456"]
[BlackElo "2397"]
[PlyCount "97"]
[EventDate "2007.09.10"]
[EventType "swiss"]
[EventRounds "9"]
[EventCountry "BUL"]
[SourceTitle "CBM 120 Extra"]
[Source "ChessBase"]
[SourceDate "2007.11.01"]
[SourceVersion "1"]
[SourceVersionDate "2007.11.01"]
[SourceQuality "1"]

1. e4 c5 2. Nf3 e6 3. d4 cxd4 4. Nxd4 Nf6 5. Nc3 d6 6. g3 a6 7. Bg2 Qc7 8. 0-0 Be7 9. a4 Nc6 10. Nde2 0-0 11. Be3 b6 12. h3 Bb7 13. Qd2 Rac8 14. b3 Ne5 15. Ra2 Ned7 16. g4 Nc5 17. f3 d5 18. e5 Nfd7 19. f4 Rfd8 20. Bd4 Nb8 21. Nd1 Nc6 22. Kh1 Ne4 23. Qe3 Nxd4 24. Nxd4 Bb4 25. Rf3 Bd2 26. Qd3 g5 27. fxg5 Qxe5 28. h4 Be1 29. Rh3 Rc3 30. Nf3 Rxd3 31. cxd3 Qf4 32. Nxe1 Nc5 33. Rc2 d4 34. Nf2 Qe5 35. Nf3 Qd6 36. Nd2 Bd5 37. b4 Nxa4 38. Nfe4 Qxb4 39. Rc7 Kg7 40. Rf3 Rf8 41. h5 Nc5 42. h6+ Kg8 43. Nf6+ Kh8 44. Nxd5 Qxd2 45. Rfxf7 Qe1+ 46. Kh2 Qe5+ 47. Kh3 Ra8 48. Rxh7+ Kg8 49. Nf6+ 1-0

[Event "Kesarovski Georgiev Memorial 6th"]
[Site "Sunny Beach"]
[Date "2007.09.13"]
[Round "4"]
[White "Georgiev, Vladimir"]
[Black "Bojchev, Marian"]
[Result "1/2-1/2"]
[WhiteElo "2567"]
[BlackElo "2397"]
[PlyCount "205"]
[EventDate "2007.09.10"]
[EventType "swiss"]
[EventRounds "9"]
[EventCountry "BUL"]
[SourceTitle "CBM 120 Extra"]
[Source "ChessBase"]
[SourceDate "2007.11.01"]
[SourceVersion "1"]
[SourceVersionDate "2007.11.01"]
[SourceQuality "1"]

1. d4 Nf6 2. c4 e6 3. Nc3 Bb4 4. a3 Bxc3+ 5. bxc3 d6 6. f3 c5 7. e4 Nc6 8. d5 Na5 9. Bd3 b6 10. f4 Qe7 11. Nf3 exd5 12. cxd5 Nxe4 13. 0-0 f5 14. Re1 0-0 15. Ng5 Qf6 16. Bxe4 fxe4 17. Nxe4 Qg6 18. Ng5 Bf5 19. g4 Bc2 20. f5 Bxd1 21. fxg6 Bxg4 22. gxh7+ Kh8 23. Ra2 Bf3 24. Rf2 Bxd5 25. Rd1 Bb3 26. Rxd6 Nc4 27. Rxf8+ Rxf8 28. Rd7 Bc2 29. Rxa7 Bxh7 30. Kg2 Bg8 31. Kg3 Re8 32. Bf4 Ne3 33. a4 Nd5 34. Nf3 Nxc3 35. Be5 Ne4+ 36. Kf4 Nf6 37. Ng5 Rf8 38. Bd6 Re8 39. a5 bxa5 40. Bxc5 Nd5+ 41. Kf5 Bh7+ 42. Nxh7 Kxh7 43. Bd4 Rf8+ 44. Kg5 Nf6 45. Rxa5 Ne4+ 46. Kg4 Nf6+ 47. Kf5 Ng8+ 48. Kg5 Rd8 49. Be5 Rd7 50. Kf5 Rf7+ 51. Ke6 Re7+ 52. Kd6 Rf7 53. Ra3 Nh6 54. Ke6 Rb7 55. Ra6 Kg6 56. Bc3 Ng4 57. h4 Kh5 58. Be1 Rb5 59. Bg3 Nh6 60. Bf2 Rf5 61. Bd4 Rf7 62. Ra4 Rb7 63. Bc5 Rb1 64. Re4 Rf1 65. Be7 Kg6 66. Re2 Ng8 67. Rg2+ Kh7 68. Bg5 Re1+ 69. Kf5 Nh6+ 70. Kf4 Rf1+ 71. Ke4 Re1+ 72. Kf3 Rf1+ 73. Ke2 Rf8 74. Kd3 Rf3+ 75. Ke4 Ra3 76. Rb2 Ra4+ 77. Kf3 Ra3+ 78. Kg2 Ra7 79. Rb4 Nf7 80. Be3 Rd7 81. Kf3 Nh6 82. Rb5 Rf7+ 83. Bf4 Rf5 84. Rb6 Rf7 85. h5 Rf5 86. Rb3 Rxh5 87. Kg3 Ng8 88. Be3 Rd5 89. Rb7 Nf6 90. Bc1 Rd3+ 91. Kf4 Kg6 92. Bb2 Nh5+ 93. Ke4 Rd6 94. Kf3 Ra6 95. Ke4 Ng3+ 96. Kf4 Nf5 97. Rb4 Re6 98. Rb5 Ne7 99. Rg5+ Kf7 100. Rxg7+ Ke8 101. Rg1 Kf7 102. Rg7+ Ke8 103. Rg1 1/2-1/2

[Event "Kesarovski Georgiev Memorial 6th"]
[Site "Sunny Beach"]
[Date "2007.09.10"]
[Round "1"]
[White "Bojchev, Marian"]
[Black "Draganova, Petranka"]
[Result "1-0"]
[WhiteElo "2397"]
[BlackElo "2040"]
[PlyCount "63"]
[EventDate "2007.09.10"]
[EventType "swiss"]
[EventRounds "9"]
[EventCountry "BUL"]
[SourceTitle "CBM 120 Extra"]
[Source "ChessBase"]
[SourceDate "2007.11.01"]
[SourceVersion "1"]
[SourceVersionDate "2007.11.01"]
[SourceQuality "1"]

1. c4 e5 2. Nc3 Nf6 3. Qc2 Nc6 4. e3 d5 5. cxd5 Nxd5 6. Nf3 f5 7. Nxd5 Qxd5 8. Bc4 Qd6 9. Ng5 Nd8 10. Qb3 Qf6 11. Nf3 Bd6 12. d3 Be6 13. e4 f4 14. 0-0 Bxc4 15. Qxc4 Qe6 16. Qa4+ Nc6 17. Bd2 0-0 18. Bc3 a6 19. d4 exd4 20. Nxd4 Nxd4 21. Qxd4 Rf7 22. f3 Qe7 23. Kh1 Bc5 24. Qd5 c6 25. Qb3 b5 26. a3 h6 27. Rfd1 Rd8 28. Rxd8+ Qxd8 29. Rd1 Qe7 30. e5 Kh8 31. e6 Rf8 32. Rd7 1-0

[Event "BUL-ch 71st"]
[Site "Pernik"]
[Date "2007.03.18"]
[Round "11"]
[White "Bojchev, Marian"]
[Black "Nikolov, Momchil"]
[Result "0-1"]
[WhiteElo "2366"]
[BlackElo "2425"]
[PlyCount "116"]
[EventDate "2007.03.10"]
[EventType "tourn"]
[EventRounds "13"]
[EventCountry "BUL"]
[EventCategory "6"]
[SourceTitle "CBM 117 Extra"]
[Source "ChessBase"]
[SourceDate "2007.05.09"]
[SourceVersion "1"]
[SourceVersionDate "2007.05.09"]
[SourceQuality "1"]

1. e4 c5 2. Nf3 e6 3. d4 cxd4 4. Nxd4 a6 5. c4 Nf6 6. Nc3 Bb4 7. Qc2 Qc7 8. a3 Bc5 9. Nb3 Be7 10. Be2 0-0 11. 0-0 b6 12. Be3 Bb7 13. Rfc1 b5 14. cxb5 axb5 15. Bxb5 Ng4 16. g3 Nxe3 17. fxe3 Qe5 18. Qd3 h5 19. Nd4 h4 20. gxh4 Qh5 21. Rc2 Na6 22. Qd1 Qh6 23. Qf3 Nc5 24. Qf4 Qxh4 25. Nd5 Nxe4 26. Nxe7+ Qxe7 27. Rc7 Bd5 28. Rxd7 Qc5 29. Rf1 Ra7 30. Rxa7 Qxa7 31. Nxe6 Qb6 32. Nxf8 Qxb5 33. Ng6 fxg6 34. Qf8+ Kh7 35. Rf4 Nf6 36. Rh4+ Nh5 37. Qf2 Bb7 38. Rd4 Qc6 39. e4 Qc1+ 40. Kg2 Qg5+ 41. Kf3 Qf4+ 42. Ke2 Qc1 43. Kf3 Ba6 44. Rd2 Qc4 45. Ke3 Qb3+ 46. Kd4 Qb6+ 47. Ke5 Qb8+ 48. Kd4 Qa7+ 49. Kc3 Qc7+ 50. Kd4 Qd6+ 51. Kc3 Qc6+ 52. Kd4 Nf6 53. Qg2 Qb6+ 54. Ke5 Bc8 55. Kf4 Qb3 56. Ke5 Ng4+ 57. Kd4 Qb6+ 58. Kd3 Ba6+ 0-1

[Event "BUL-ch 71st"]
[Site "Pernik"]
[Date "2007.03.15"]
[Round "8"]
[White "Yordanov, Nikolay"]
[Black "Bojchev, Marian"]
[Result "0-1"]
[WhiteElo "2237"]
[BlackElo "2366"]
[PlyCount "112"]
[EventDate "2007.03.10"]
[EventType "tourn"]
[EventRounds "13"]
[EventCountry "BUL"]
[EventCategory "6"]
[SourceTitle "CBM 117 Extra"]
[Source "ChessBase"]
[SourceDate "2007.05.09"]
[SourceVersion "1"]
[SourceVersionDate "2007.05.09"]
[SourceQuality "1"]

1. e4 c5 2. Nc3 Nc6 3. g3 g6 4. Bg2 Bg7 5. d3 d6 6. Be3 e6 7. f4 Nge7 8. Nf3 Nd4 9. 0-0 Nec6 10. e5 d5 11. Bxd4 cxd4 12. Ne2 Qb6 13. Rb1 0-0 14. b4 a6 15. Qe1 f6 16. exf6 Bxf6 17. Qf2 Qa7 18. a3 Bd7 19. Nc1 g5 20. Nb3 Rae8 21. Rbe1 gxf4 22. gxf4 Kh8 23. Bh3 a5 24. b5 Nd8 25. a4 Qb8 26. Nfxd4 b6 27. Qd2 Bg7 28. Kh1 Qd6 29. Rf2 Rf6 30. Rg1 Ref8 31. Ne2 Be8 32. Qe3 Bh6 33. Nbd4 e5 34. Nf5 Rxf5 35. Bxf5 Rxf5 36. Qh3 Qf8 37. Rfg2 Bg6 38. fxe5 Rxe5 39. Qg3 Re3 40. Qh4 Ne6 41. Nd4 Qf4 42. Rg4 Qf8 43. R4g2 Qf4 44. Rg4 Qf8 45. Nxe6 Rxe6 46. R4g3 Kg8 47. Qg4 Re5 48. Rf3 Qe8 49. h4 Bg7 50. Rh3 Rh5 51. d4 Qe4+ 52. Qxe4 Bxe4+ 53. Kh2 Bf5 54. Rc3 Rxh4+ 55. Kg2 Rg4+ 56. Kf1 Rxg1+ 0-1

[Event "BUL-ch 71st"]
[Site "Pernik"]
[Date "2007.03.10"]
[Round "1"]
[White "Rusev, Krasimir"]
[Black "Bojchev, Marian"]
[Result "0-1"]
[WhiteElo "2453"]
[BlackElo "2366"]
[PlyCount "52"]
[EventDate "2007.03.10"]
[EventType "tourn"]
[EventRounds "13"]
[EventCountry "BUL"]
[EventCategory "6"]
[SourceTitle "CBM 117 Extra"]
[Source "ChessBase"]
[SourceDate "2007.05.09"]
[SourceVersion "1"]
[SourceVersionDate "2007.05.09"]
[SourceQuality "1"]

1. d4 Nf6 2. c4 e6 3. Nf3 b6 4. a3 Bb7 5. Nc3 d5 6. cxd5 Nxd5 7. Qc2 Be7 8. e4 Nxc3 9. bxc3 c5 10. Bb5+ Bc6 11. Bd3 Nd7 12. 0-0 0-0 13. Qe2 Re8 14. Bb2 Qc7 15. Nd2 Rad8 16. f4 Bf8 17. Rf2 b5 18. Raf1 f5 19. g4 c4 20. Bc2 Nf6 21. gxf5 Nxe4 22. fxe6 Nxd2 23. f5 Nxf1 24. Kxf1 Be7 25. Bc1 Bf6 26. Bf4 Qe7 0-1

[Event "BUL-ch qual"]
[Site "Plovdiv"]
[Date "2007.02.25"]
[Round "2.6"]
[White "Bojchev, Marian"]
[Black "Bonev, Todor"]
[Result "1-0"]
[WhiteElo "2366"]
[BlackElo "2230"]
[PlyCount "71"]
[EventDate "2007.02.24"]
[EventType "swiss"]
[EventRounds "9"]
[EventCountry "BUL"]
[SourceTitle "CBM 117 Extra"]
[Source "ChessBase"]
[SourceDate "2007.05.09"]
[SourceVersion "1"]
[SourceVersionDate "2007.05.09"]
[SourceQuality "1"]

1. d4 Nf6 2. c4 g6 3. Nc3 Bg7 4. e4 d6 5. f3 0-0 6. Be3 e5 7. d5 c6 8. Qd2 cxd5 9. cxd5 a6 10. Bd3 Nbd7 11. Nge2 b5 12. b4 Nh5 13. a4 bxa4 14. Rxa4 f5 15. 0-0 f4 16. Bf2 g5 17. Rfa1 Nb6 18. Ra5 g4 19. Bxa6 gxf3 20. gxf3 Bh3 21. Kh1 Rf6 22. Ng1 Qd7 23. Bb5 Qc8 24. Rxa8 Nxa8 25. Rxa8 Qxa8 26. Nxh3 Rh6 27. Bd7 Qa1+ 28. Qe1 Qb2 29. b5 Bf6 30. Ne2 Bd8 31. Neg1 Rg6 32. Qe2 Qb1 33. Qc4 Kg7 34. Bf5 Rf6 35. Qc8 Ba5 36. Qe8 1-0

[Event "Plovdiv Tringov Memorial"]
[Site "Plovdiv"]
[Date "2007.02.11"]
[Round "9.7"]
[White "Bojchev, Marian"]
[Black "Bratanov, Zsivko"]
[Result "1/2-1/2"]
[WhiteElo "2394"]
[BlackElo "2448"]
[PlyCount "100"]
[EventDate "2007.02.05"]
[EventType "swiss"]
[EventRounds "9"]
[EventCountry "BUL"]
[SourceTitle "CBM 116 Extra"]
[Source "ChessBase"]
[SourceDate "2007.03.07"]
[SourceVersion "1"]
[SourceVersionDate "2007.03.07"]
[SourceQuality "1"]

1. d4 d5 2. c4 dxc4 3. Nf3 Nf6 4. e3 e6 5. Bxc4 c5 6. 0-0 a6 7. dxc5 Qxd1 8. Rxd1 Bxc5 9. Nbd2 Nc6 10. a3 Ke7 11. b4 Bd6 12. Bb2 Rd8 13. Rac1 Bc7 14. Ng5 Bd7 15. Nge4 Nxe4 16. Nxe4 Be5 17. Bxe5 Nxe5 18. Be2 Bc6 19. Nc5 Rxd1+ 20. Rxd1 Bb5 21. Bxb5 axb5 22. Nxb7 Nc4 23. g3 Rxa3 24. Nc5 g5 25. Rd7+ Ke8 26. Rb7 g4 27. Ne4 f5 28. Nf6+ Kd8 29. h3 h5 30. Nxh5 Ra1+ 31. Kg2 Ra2 32. Kg1 Ra1+ 33. Kg2 Nd6 34. Rh7 gxh3+ 35. Kxh3 Ne4 36. f4 Rb1 37. g4 Nf2+ 38. Kg3 Ne4+ 39. Kh3 Nf2+ 40. Kg3 Nxg4 41. Ng7 Nxe3 42. Nxe6+ Ke8 43. Nc5 Nd5 44. Rh8+ Ke7 45. Rh7+ Kd6 46. Rh6+ Ke7 47. Re6+ Kf7 48. Re5 Ne7 49. Na6 Rb3+ 50. Kf2 Rb2+ 1/2-1/2

[Event "Plovdiv Tringov Memorial"]
[Site "Plovdiv"]
[Date "2007.02.09"]
[Round "7.14"]
[White "Panaiotov, Janko"]
[Black "Bojchev, Marian"]
[Result "1/2-1/2"]
[WhiteElo "2259"]
[BlackElo "2394"]
[PlyCount "61"]
[EventDate "2007.02.05"]
[EventType "swiss"]
[EventRounds "9"]
[EventCountry "BUL"]
[SourceTitle "CBM 116 Extra"]
[Source "ChessBase"]
[SourceDate "2007.03.07"]
[SourceVersion "1"]
[SourceVersionDate "2007.03.07"]
[SourceQuality "1"]

1. e4 c5 2. Nf3 e6 3. d4 cxd4 4. Nxd4 Nf6 5. Nc3 d6 6. Bg5 h6 7. Bh4 Be7 8. Bg3 a6 9. Bd3 Qc7 10. Qe2 Nbd7 11. 0-0-0 Ne5 12. f4 Nxd3+ 13. Rxd3 0-0 14. e5 dxe5 15. fxe5 Nd7 16. Rhd1 Nc5 17. Rf3 b5 18. b4 Nd7 19. a3 Bb7 20. Rfd3 Rfd8 21. Ne4 Qc4 22. Kb2 Nb6 23. Nd6 Na4+ 24. Kb1 Bxd6 25. exd6 Nc3+ 26. Rxc3 Qxc3 27. Rd3 Qc4 28. Be5 Qd5 29. Rg3 g6 30. Qh5 Kh7 31. Qxh6+ 1/2-1/2